Nursing Foundation - I for BSc Nursing Students Sem - I (Record no. 158716)

MARC details
000 -LEADER
fixed length control field 00469nam a2200181Ia 4500
003 - CONTROL NUMBER IDENTIFIER
control field OSt
005 - DATE AND TIME OF LATEST TRANSACTION
control field 20241203160941.0
008 - FIXED-LENGTH DATA ELEMENTS--GENERAL INFORMATION
fixed length control field 230411s9999 xx 000 0 und d
020 ## - INTERNATIONAL STANDARD BOOK NUMBER
International Standard Book Number 9789392019265
041 ## - LANGUAGE CODE
Language code of text/sound track or separate title eng
082 ## - DEWEY DECIMAL CLASSIFICATION NUMBER
Classification number F/610.73/FRA/B09951
100 ## - MAIN ENTRY--PERSONAL NAME
Personal name Nayanamanasa V
9 (RLIN) 180190
245 ## - TITLE STATEMENT
Title Nursing Foundation - I for BSc Nursing Students Sem - I
260 ## - PUBLICATION, DISTRIBUTION, ETC. (IMPRINT)
Name of publisher, distributor, etc. Bookera
Place of publication, distribution, etc. Jaipur
Date of publication, distribution, etc. 2021
300 ## - PHYSICAL DESCRIPTION
Extent 448p
942 ## - ADDED ENTRY ELEMENTS (KOHA)
Source of classification or shelving scheme Dewey Decimal Classification
Koha item type Donated Book
Holdings
Withdrawn status Lost status Damaged status Not for loan Collection code Home library Current library Date acquired Vendor Cost, normal purchase price Bill number Full call number Barcode Date last seen Cost, replacement price Bill Date Koha item type Original Barcode Source of classification or shelving scheme Total Checkouts Date last checked out
          Sitabai Nargundkar College of Nursing Nagpur Sitabai Nargundkar College of Nursing Nagpur 29/11/2024 Ms.Roshani Bondule 400.00 IK#2024-25#00257 F/610.73/FRA/B09951 SNCN-DB-248 31/12/2025 400.00 07/12/2024 Donated Book   Dewey Decimal Classification 2 23/12/2025
      Reference   Smt. Bakul Tambat Institute of Nursing Education Smt. Bakul Tambat Institute of Nursing Education 04/01/2023 Patil Medical Book House 470.00 8154 F 610.73 FRA B09951 BTIN-BK-9951 11/04/2023 376.00 03/01/2023 Books B09951